| Tag |
First Indicator |
Second Indicator |
Subfields |
| LEADER |
00000cam a2200000 4500 |
| 001 |
in00000053175 |
| 005 |
20151007080505.0 |
| 008 |
750519s1961 engmu |
| 010 |
|
|
|a 61015372
|
| 035 |
|
|
|a (OCoLC)01343706
|
| 035 |
|
|
|9 AAF4905AM
|
| 040 |
|
|
|c SNN
|d TXA
|d UtOrBLW
|
| 049 |
|
|
|a TXAM
|c [361225]
|
| 050 |
|
0 |
|a RC467
|b .H32
|
| 082 |
0 |
|
|a 132.075
|
| 092 |
|
|
|a 132.075
|b H323p
|
| 100 |
1 |
|
|a Harrower, Molly,
|d 1906-1999.
|
| 245 |
1 |
4 |
|a The practice of clinical psychology /
|c by Molly Harrower.
|
| 264 |
|
1 |
|a Springfield, Ill. :
|b Thomas,
|c [1961]
|
| 300 |
|
|
|a xiv, 321 pages :
|b illustrations ;
|c 24 cm.
|
| 336 |
|
|
|a text
|b txt
|2 rdacontent
|
| 337 |
|
|
|a unmediated
|b n
|2 rdamedia
|
| 338 |
|
|
|a volume
|b nc
|2 rdacarrier
|
| 490 |
1 |
|
|a American lecture series, publication no. 461. A monograph in the Bannerstone Division of American lectures in psychology
|
| 504 |
|
|
|a Bibliography: pages 311-314.
|
| 650 |
|
0 |
|a Clinical psychology.
|
| 830 |
|
0 |
|a American lecture series ;
|v publication no. 461.
|
| 830 |
|
0 |
|a American lecture series.
|p American lectures in psychology.
|
| 999 |
|
|
|a MARS
|
| 999 |
f |
f |
|s 26224f26-0fb8-38c9-a29e-6bae87a12c9b
|i f66c3d7c-2549-3f1a-8c9a-d330c0871548
|t 0
|
| 952 |
f |
f |
|p ric
|a Texas A&M University
|b Rellis Campus
|c Joint Library Facility
|d Remote Storage
|t 0
|e RC467 .H32
|h Library of Congress classification
|i unmediated -- volume
|m A14800511579
|
| 998 |
f |
f |
|a RC467 .H32
|t 0
|l Remote Storage
|